|
|
|
|
| LEADER |
00000cam a2200000 7i4500 |
| 001 |
0000001420 |
| 005 |
20010622.0 |
| 020 |
0 |
0 |
|a 9679423832
|
| 090 |
0 |
0 |
|a 338.959
|b ASEA 1997
|
| 245 |
0 |
0 |
|a ASEAN in the global system
|c edited by H. M. Dahlan ... (et al.)
|
| 260 |
0 |
0 |
|a Bangi, Selangor :
|b Penerbit UKM ,
|c 1997
|
| 300 |
|
|
|a 348 p. ;
|c 25 cm.
|
| 500 |
0 |
0 |
|a Includes bibliographical references and index
|
| 651 |
0 |
0 |
|a Asia, Southeastern
|x Economic conditions
|
| 651 |
0 |
0 |
|a Asia, Southeastern
|x Politics and government
|
| 651 |
0 |
0 |
|a Asia, Southeastern
|x Social conditions
|
| 700 |
0 |
1 |
|a Dahlan
|h H. M.
|
| 998 |
|
|
|a JPSM
|
| 999 |
|
|
|a 0000002494
|b Monograph
|c Open Shelf
|e Default branch
|